ՀՀ Գիտությունների ազգային ակադեմիայի հիմնարար գիտական գրադարան  =   Fundamental Scientific Library of NAS RA

Неконсервативные задачи и методы . Расчета стержней, Стержневых систем и оболочек / (Record no. 282530)

MARC details
000 -LEADER
fixed length control field 01086nam a2200241 u 4500
001 - CONTROL NUMBER
control field 000769533
003 - CONTROL NUMBER IDENTIFIER
control field AM-YeHGA
005 - DATE AND TIME OF LATEST TRANSACTION
control field 20250617143837.0
008 - FIXED-LENGTH DATA ELEMENTS--GENERAL INFORMATION
fixed length control field 101101s1976 ||||||||||||||||||||rus|c
040 ## - CATALOGING SOURCE
Original cataloging agency AM-YeHGA
041 0# - LANGUAGE CODE
Language code of text/sound track or separate title rus
090 ## - LOCALLY ASSIGNED LC-TYPE CALL NUMBER (OCLC); LOCAL CALL NUMBER (RLIN)
-- 284187
100 1# - MAIN ENTRY--PERSONAL NAME
Personal name Мартьянов, А.П.
245 10 - TITLE STATEMENT
Title Неконсервативные задачи и методы . Расчета стержней, Стержневых систем и оболочек /
Statement of responsibility, etc. А.П. Мартьянов ; Ред. В.П. Лапин ; Мин-во с.-х. СССР ; Казанский с.-х. ин-т.
260 ## - PUBLICATION, DISTRIBUTION, ETC.
Place of publication, distribution, etc. Казань :
Name of publisher, distributor, etc. Татарское книжное изд-во,
Date of publication, distribution, etc. 1976.
300 ## - PHYSICAL DESCRIPTION
Extent 335 с. :
Other physical details ил. ;
Dimensions 22 см.
500 ## - GENERAL NOTE
General note Прилож. : с. 278-320
504 ## - BIBLIOGRAPHY, ETC. NOTE
Bibliography, etc. note Лит. : с. 321-331
650 14 - SUBJECT ADDED ENTRY--TOPICAL TERM
Topical term or geographic name entry element Прочность стержней
700 1# - ADDED ENTRY--PERSONAL NAME
Personal name Лапин, В.П.
Relator term ред.
Relationship edt
710 2# - ADDED ENTRY--CORPORATE NAME
Corporate name or jurisdiction name as entry element Мин-во сельского хозяйства СССР
710 2# - ADDED ENTRY--CORPORATE NAME
Corporate name or jurisdiction name as entry element Казанский сельскохозяйственный ин-т им. М. Горького
Holdings
Withdrawn status Lost status Damaged status Not for loan Collection Home library Current library Date acquired Total checkouts Full call number Barcode Date last seen Price effective from Koha item type Public note
        General Fundamental Scientific Library Fundamental Scientific Library 29/12/2016   PII/498625 FL0235374 29/12/2016 29/12/2016 Գրքեր / Books 30 Days Loan


ՀՀ ԳԱԱ հիմնարար գիտական գրադարան
ՀՀ,Երևան 0019
Մարշալ Բաղրամյան 24/6
հեռախոս:(374-10) 52-47-50
Հետադարձ կապ

All site content, except where otherwise noted, is licensed under a
Creative Commons License